|
|
|
|
| LEADER |
02200nam a2200601 4500 |
| 001 |
ocn912140902 |
| 003 |
OCoLC |
| 005 |
20170828023359.0 |
| 006 |
m o d |
| 007 |
cr ||||||||||| |
| 008 |
150626s2016 nju ob 001 0 eng |
| 010 |
|
|
|a 2015025612
|
| 040 |
|
|
|a DLC
|b eng
|e rda
|c DLC
|d YDXCP
|d N$T
|d DG1
|d OCLCF
|d COO
|d DEBBG
|d KSU
|d DG1
|d LIP
|d GrThAP
|
| 019 |
|
|
|a 920849829
|a 959870450
|
| 020 |
|
|
|a 9781118946152 (ePub)
|
| 020 |
|
|
|a 1118946154 (ePub)
|
| 020 |
|
|
|a 9781118946169 (Adobe PDF)
|
| 020 |
|
|
|a 1118946162 (Adobe PDF)
|
| 020 |
|
|
|z 9781118946145 (cloth)
|
| 020 |
|
|
|a 9781118946183
|
| 020 |
|
|
|a 1118946189
|
| 020 |
|
|
|a 1118946146 (cloth)
|
| 020 |
|
|
|a 9781118946145 (cloth)
|
| 029 |
1 |
|
|a GBVCP
|b 836426339
|
| 029 |
1 |
|
|a DEBBG
|b BV043397919
|
| 029 |
1 |
|
|a CHVBK
|b 480247315
|
| 029 |
1 |
|
|a CHNEW
|b 000944496
|
| 029 |
1 |
|
|a DEBSZ
|b 485059800
|
| 035 |
|
|
|a (OCoLC)912140902
|z (OCoLC)920849829
|z (OCoLC)959870450
|
| 042 |
|
|
|a pcc
|
| 050 |
0 |
0 |
|a TA418.76
|
| 072 |
|
7 |
|a TEC
|x 009010
|2 bisacsh
|
| 082 |
0 |
0 |
|a 667/.9
|2 23
|
| 049 |
|
|
|a MAIN
|
| 100 |
1 |
|
|a Bishop, Charles A.
|
| 245 |
1 |
0 |
|a Roll-to-roll vacuum deposition of barrier coatings /
|c Charles A. Bishop.
|
| 250 |
|
|
|a 2nd edition.
|
| 264 |
|
1 |
|a Hoboken, New Jersey :
|b John Wiley & Sons Inc.,
|c [2015]
|
| 300 |
|
|
|a 1 online resource.
|
| 336 |
|
|
|a text
|b txt
|2 rdacontent
|
| 337 |
|
|
|a computer
|b n
|2 rdamedia
|
| 338 |
|
|
|a online resource
|b nc
|2 rdacarrier
|
| 504 |
|
|
|a Includes bibliographical references and index.
|
| 588 |
|
|
|a Description based on print version record and CIP data provided by publisher.
|
| 650 |
|
0 |
|a Protective coatings.
|
| 650 |
|
0 |
|a Vapor-plating.
|
| 650 |
|
7 |
|a TECHNOLOGY & ENGINEERING / Chemical & Biochemical
|2 bisacsh
|
| 650 |
|
7 |
|a Protective coatings.
|2 fast
|0 (OCoLC)fst01079644
|
| 650 |
|
7 |
|a Vapor-plating.
|2 fast
|0 (OCoLC)fst01164135
|
| 655 |
|
4 |
|a Electronic books.
|
| 776 |
0 |
8 |
|i Print version:
|a Bishop, Charles A.
|t Roll-to-roll vacuum deposition of barrier coatings
|b 2nd edition.
|d Hoboken, New Jersey : John Wiley & Sons Inc., [2015]
|z 9781118946145
|w (DLC) 2015025147
|
| 856 |
4 |
0 |
|u https://doi.org/10.1002/9781118946183
|z Full Text via HEAL-Link
|
| 994 |
|
|
|a 92
|b DG1
|